Portugal : Fiscal Transparency Evaluation.

EXECUTIVE SUMMARY Portugal's practices meet most of the principles of the revised Fiscal Transparency Code at good or advanced levels. A number of areas still present practices at a basic level, but in most of these cases this reflects reforms that have recently been launched and have not yet b...

Fuld beskrivelse

Bibliografiske detaljer
Institution som forfatter: International Monetary Fund. Fiscal Affairs Dept
Format: Tidsskrift
Sprog:English
Udgivet: Washington, D.C. : International Monetary Fund, 2014.
Serier:IMF Staff Country Reports; Country Report ; No. 2014/306
Online adgang:Full text available on IMF
LEADER 02904cas a2200241 a 4500
001 AALejournalIMF014756
008 230101c9999 xx r poo 0 0eng d
020 |c 5.00 USD 
020 |z 9781475555486 
022 |a 1934-7685 
040 |a BD-DhAAL  |c BD-DhAAL 
110 2 |a International Monetary Fund.  |b Fiscal Affairs Dept. 
245 1 0 |a Portugal :   |b Fiscal Transparency Evaluation. 
264 1 |a Washington, D.C. :  |b International Monetary Fund,  |c 2014. 
300 |a 1 online resource (83 pages) 
490 1 |a IMF Staff Country Reports 
500 |a <strong>Off-Campus Access:</strong> No User ID or Password Required 
500 |a <strong>On-Campus Access:</strong> No User ID or Password Required 
506 |a Electronic access restricted to authorized BRAC University faculty, staff and students 
520 3 |a EXECUTIVE SUMMARY Portugal's practices meet most of the principles of the revised Fiscal Transparency Code at good or advanced levels. A number of areas still present practices at a basic level, but in most of these cases this reflects reforms that have recently been launched and have not yet been fully implemented so as to affect current practices. Indeed, if measured against the practices observed prior to the recent financial crisis, there has been remarkable progress. The challenge is to press ahead with the reform agenda so that all fiscal transparency practices meet good or advanced levels, thus strengthening even further the management of public finances and the associated risks. The key findings of the present Fiscal Transparency Evaluation are: -- Fiscal reporting is in line with good or advanced practices, particularly in compliance with EU requirements and ESA 95 standards, but still lacks a sound conceptual accounting framework based on internationally accepted standards. -- Fiscal forecasting and budgeting have improved over the last three years, although investment evaluation only meets the basic standard of the Code. -- Reporting of fiscal risks is in its infancy and in spite of numerous initiatives undertaken in the last few years, such as the publication of a fiscal risk statement, remains fragmented. The large amount and good quality of information available allows a very preliminary and partial estimate of the public sector net worth and total risk exposure. An estimated negative net worth position of 140 percent of GDP (including the liabilities of the main defined-benefits employment-related pension scheme) and a sizeable exposure to various contingent liabilities, although some of these have a low probability of crystallizing, are reminders of the still fragile status of Portugal's public finances. 
538 |a Mode of access: Internet 
830 0 |a IMF Staff Country Reports; Country Report ;  |v No. 2014/306 
856 4 0 |z Full text available on IMF  |u http://elibrary.imf.org/view/journals/002/2014/306/002.2014.issue-306-en.xml  |z IMF e-Library